| 000 | 01845nam0a2200337 4500 | ||
|---|---|---|---|
| 001 | RU\NLR\bibl\1451683 | ||
| 005 | 20260405131513.0 | ||
| 021 |
_aRU _b2009-86114 _95423 |
||
| 035 | _a(NLR Aleph) 001443497 | ||
| 090 |
_a1477864 _c1477864 |
||
| 100 | _a20091214d2009 |||y0rusy50 ca | ||
| 101 | 0 | _arus | |
| 102 | _aRU | ||
| 105 | _aa ||||||||| | ||
| 200 | 1 |
_aИсследование взрывных процессов в детонирующих зарядах диаметром 20 мм с помощью синхротронного излучения _fК. Тен, В.М. Титов, Э.Р. Прууэл [и др.] |
|
| 210 |
_aНовосибирск _cИнститут ядерной физики СО РАН _d2009 |
||
| 215 |
_a19 с. _cил. _d21 |
||
| 225 | 1 |
_aУчреждение Российской Академии наук Институт ядерной физики им. Г.И. Будкера Сибирского отделения РАН (ИЯФ СО РАН) _vИЯФ 2009-21 |
|
| 300 | _aВ вып. дан. загл. : SR investigation of detonating charges of diameter 20 mm | ||
| 320 | _aБиблиогр.: с. 19 (5 назв.) | ||
| 517 | 0 |
_aSR investigation of detonating charges of diameter 20 mm _zeng |
|
| 606 | 1 |
_aВзрывы _xИсследование _xПрименение синхротронного излучения _92292838 _3RU\NLR\auth\661373082 |
|
| 686 | _aГ543.22 | ||
| 701 | 1 |
_aТен _bК. А. _gКонстантин Алексеевич _4070 |
|
| 701 | 1 |
_4070 _8rus _7ca _aТитов _bВ. М. _cд-р физ.-мат. наук _f1933- _gВладимир Михайлович _3RU\NLR\auth\7752495 _935428 |
|
| 701 | 1 |
_aПрууэл _bЭ. Р. _gЭдуард Рейнович _4070 |
|
| 801 | 0 |
_aRU _bNLR _c20091214 _gRCR |
|
| 801 | 1 |
_aRU _bNLR _c20091214 |
|
| 942 | _cBOOK | ||
| 980 | _aNB | ||